| 000 | 00519nam a2200157 4500 | ||
|---|---|---|---|
| 001 | 110180 | ||
| 003 | ES-MaACL | ||
| 005 | 20230906185006.0 | ||
| 007 | t| | ||
| 008 | 061121s1972 sp r ||||1| spa d | ||
| 100 | 1 |
_aOcáriz Braña, Fernando. _986462 |
|
| 245 | 1 | 0 |
_aHijos de Dios en Cristo _b: introducción a una teología de la participación sobrenatural / _cFernando Ocáriz Braña. |
| 260 |
_aPamplona : _bUniversidad de Navarra, _c1972. |
||
| 300 |
_a162 p. ; _c25 cm. |
||
| 852 |
_aES-MaACL _jC-44994 _bR.83896 |
||
| 999 |
_c110180 _d110180 |
||